Countries by Borders in 2 Minutes - Statistics

General Stats
  • This quiz has been taken 69 times
  • The average score is 144 of 156
Answers on the Map
Answers color-coded by a green-red scale on the quiz's map according to % correct below.
 
Answer Stats
Country % Correct
Argentina
100%
Austria
100%
Bolivia
100%
Brazil
100%
Burkina Faso
100%
Chad
100%
Colombia
100%
France
100%
Guyana
100%
Kenya
100%
Libya
100%
Mali
100%
Niger
100%
Nigeria
100%
Paraguay
100%
Peru
100%
Slovenia
100%
Spain
100%
Suriname
100%
Venezuela
100%
Afghanistan
98%
Algeria
98%
Azerbaijan
98%
Bhutan
98%
Bulgaria
98%
Cameroon
98%
Canada
98%
Central African Republic
98%
China
98%
D. R. Congo
98%
Egypt
98%
Ethiopia
98%
Germany
98%
India
98%
Ireland
98%
Italy
98%
Ivory Coast
98%
Kazakhstan
98%
Mexico
98%
Mongolia
98%
Morocco
98%
Mozambique
98%
Myanmar
98%
Nepal
98%
North Korea
98%
Pakistan
98%
Rep. of the Congo
98%
Russia
98%
South Sudan
98%
Sudan
98%
Switzerland
98%
Tanzania
98%
Turkey
98%
Ukraine
98%
United Kingdom
98%
United States
98%
Uruguay
98%
Zambia
98%
Belgium
96%
Benin
96%
Botswana
96%
Chile
96%
Czech Republic
96%
Finland
96%
Greece
96%
Guatemala
96%
Hungary
96%
Iran
96%
Iraq
96%
Kyrgyzstan
96%
Laos
96%
Namibia
96%
Norway
96%
Poland
96%
Portugal
96%
Rwanda
96%
Saudi Arabia
96%
Senegal
96%
Somalia
96%
South Africa
96%
Uganda
96%
Vietnam
96%
Zimbabwe
96%
Andorra
94%
Angola
94%
Armenia
94%
Belarus
94%
Burundi
94%
Denmark
94%
United Arab Emirates
94%
Eritrea
94%
Estonia
94%
Georgia
94%
Guinea
94%
Honduras
94%
Jordan
94%
Kuwait
94%
Latvia
94%
Lithuania
94%
Luxembourg
94%
Oman
94%
Sweden
94%
Turkmenistan
94%
Yemen
94%
Gabon
91%
Malaysia
91%
Mauritania
91%
Netherlands
91%
Nicaragua
91%
North Macedonia
91%
Panama
91%
Romania
91%
Serbia
91%
Syria
91%
Tajikistan
91%
Togo
91%
Albania
89%
Bangladesh
89%
Costa Rica
89%
Croatia
89%
East Timor
89%
El Salvador
89%
Eswatini
89%
Ghana
89%
Indonesia
89%
Montenegro
89%
Papua New Guinea
89%
Slovakia
89%
Tunisia
89%
Belize
87%
Cambodia
87%
Ecuador
87%
Israel
87%
Thailand
87%
Bosnia and Herzegovina
85%
Djibouti
85%
Lesotho
85%
Moldova
85%
Uzbekistan
85%
Dominican Republic
83%
Haiti
83%
Kosovo
83%
Qatar
83%
Vatican City
83%
Liberia
81%
Sierra Leone
81%
San Marino
79%
Malawi
77%
Guinea-Bissau
74%
South Korea
74%
Equatorial Guinea
70%
Lebanon
62%
Gambia
55%
Monaco
51%
Liechtenstein
49%
Brunei
38%
No matching quizzes found
Score Distribution
Percent of People with Each Score
Percentile by Number Answered
Your Score History
You have not taken this quiz